ગુજરાતી આદિવાસી લોકસાહિત્ય (Record no. 26227)
[ view plain ]
| 000 -LEADER | |
|---|---|
| fixed length control field | 00712nam a2200205Ia 4500 |
| 041 ## - LANGUAGE CODE | |
| Language code of text/sound track or separate title | guj |
| 082 ## - DEWEY DECIMAL CLASSIFICATION NUMBER | |
| Classification number | ર.૧૦ |
| Item number | યાજ્ઞિક |
| 008 - FIXED-LENGTH DATA ELEMENTS--GENERAL INFORMATION | |
| fixed length control field | 190320s9999||||xx |||||||||||||| ||und|| |
| 245 #0 - TITLE STATEMENT | |
| Title | ગુજરાતી આદિવાસી લોકસાહિત્ય |
| Statement of responsibility, etc. | Gujarati Aadivasi Loksahitya |
| 250 ## - EDITION STATEMENT | |
| Edition statement | 1st ed. |
| 260 ## - PUBLICATION, DISTRIBUTION, ETC. | |
| Place of publication, distribution, etc. | Gandhinagar |
| Name of publisher, distributor, etc. | Gujarat Sahitya Academy |
| Date of publication, distribution, etc. | 2011 |
| 300 ## - PHYSICAL DESCRIPTION | |
| Extent | 631 p. |
| 500 ## - GENERAL NOTE | |
| General note | Folk Tribal Literatue of Gujarat |
| 650 ## - SUBJECT ADDED ENTRY--TOPICAL TERM | |
| Topical term or geographic name entry element | Folklore |
| 650 ## - SUBJECT ADDED ENTRY--TOPICAL TERM | |
| Topical term or geographic name entry element | લોકસાહિત્ય |
| 650 ## - SUBJECT ADDED ENTRY--TOPICAL TERM | |
| Topical term or geographic name entry element | ગુજરાતી ભાષા અને સાહિત્ય |
| 700 ## - ADDED ENTRY--PERSONAL NAME | |
| Personal name | યાજ્ઞિક, હસુ |
| Relator term | edt |
| 700 ## - ADDED ENTRY--PERSONAL NAME | |
| Personal name | Yagnik, Hasu |
| 942 ## - ADDED ENTRY ELEMENTS (KOHA) | |
| Koha item type | Book |
| Withdrawn status | Lost status | Damaged status | Not for loan | Collection code | Home library | Current library | Shelving location | Date acquired | Total Checkouts | Full call number | Barcode | Date last seen | Price effective from | Koha item type |
|---|---|---|---|---|---|---|---|---|---|---|---|---|---|---|
| Available | Not Lost | Available for loan | ગુજરાતી ભાષા અને સાહિત્ય | Bhavans Library | Bhavans Library | Regular Library | 02/03/2016 | ર.૧૦/યાજ્ઞિક/78326 | 78326 | 03/20/2019 | 03/20/2019 | Book |